00430nam a2200109Ia 4500008004100000041001200041082001400053100017600067245002800243260002100271650002800292231221s9999 xx 000 0 und d aEnglish aCPIS14-25 aDinkar Sitaram. Phalachandra H L. Sudheendra Harwalkar. Sirushti Murugesan. Pavan Sudheendra. Rohith Ananth. Vidhisha B. Abdul Hannan Kanji. Swati Chidambar Bhat. Kruti B. 0aSimple Cloud Federation c2014bIEEEaAsia aSimple,Cloud,Federation